000 00367nam a2200157Ia 4500
005 20250423094825.0
008 250422s9999 xx 000 0 und d
020 _a1- 55738- 230- 1
050 _aHD 8038 .M373/
100 _aBruce W. Marcus
245 0 _aCompeting for clients in the 90s
260 _bProbus
260 _c1992
300 _a408 p
942 _cBK
999 _c28403
_d28403